The late Chalcolithic to early Bronze I transition in Palestine and Transjordan /

Bibliographic Details
Main Author: Hanbury-Tenison, J. W.
Format: Book
Language:English
Published: Oxford, England : B.A.R., 1986.
Series:BAR international series ; 311.
Subjects:

MARC

Tag First Indicator Second Indicator Subfields
LEADER 00000cam a2200000 a 4500
001 in00000017143
005 20151007053406.0
008 861212s1986 enka b 00010 eng
010 |a  86231721  
035 |a (OCoLC)17919377 
035 |9 AAB1499AM 
040 |a DLC  |c DLC  |d TXA  |d UtOrBLW 
043 |a a-is---  |a a-jo--- 
049 |a TXAM  |c [A11097075] 
050 0 0 |a GN778.32.P19  |b H36 1986 
082 0 |a 933  |2 19 
100 1 |a Hanbury-Tenison, J. W. 
245 1 4 |a The late Chalcolithic to early Bronze I transition in Palestine and Transjordan /  |c J.W. Hanbury-Tenison. 
264 1 |a Oxford, England :  |b B.A.R.,  |c 1986. 
300 |a 303 pages, 38 pages :  |b illustrations ;  |c 30 cm. 
336 |a text  |b txt  |2 rdacontent 
337 |a unmediated  |b n  |2 rdamedia 
338 |a volume  |b nc  |2 rdacarrier 
490 1 |a BAR international series ;  |v 311 
504 |a Bibliography: pages 259-299. 
650 0 |a Bronze age  |z Palestine. 
650 0 |a Bronze age  |z Jordan. 
650 0 |a Copper age  |z Palestine. 
650 0 |a Copper age  |z Jordan. 
651 0 |a Jordan  |x Antiquities. 
651 0 |a Palestine  |x Antiquities. 
830 0 |a BAR international series ;  |v 311. 
999 |a MARS 
999 f f |s 2b806dc0-f8e6-39a6-b659-30dbc17c70cb  |i 24430766-6b90-35a3-906c-a3200321b11b  |t 0 
952 f f |p ric  |a Texas A&M University  |b Rellis Campus  |c Joint Library Facility  |d Remote Storage  |t 0  |e GN778.32.P19 H36 1986  |h Library of Congress classification  |i unmediated -- volume  |m A14811097075 
998 f f |a GN778.32.P19 H36 1986  |t 0  |l Remote Storage